Arsenal Rondo #1 - Statistics

General Stats
  • This quiz has been taken 101 times
  • The average score is 15 of 26
Answer Stats
Hint Answer % Correct
ANationality of FA Cup winning Goalkeeper Emiliano Martinez Argentina
100%
EName of current stadium Emirates
88%
DNationality of cult legend Nicklas Bendtner Denmark
87%
MTeam Arsenal has finished second behind twice in a row (22/23 & 23/24) Man City
84%
NThe game between Arsenal and Tottenham is called the _____ ______ derby North London
83%
BPremier League Hall of Famer who was afraid of flying Dennis Bergkamp
74%
GPlayer that won the Puskas for his goal against Crystal Palace Olivier Giroud
74%
VDutch striker who controversially moved to big rivals Manchester United Robin Van Persie
72%
Y'Lucky' colour of Arsenal away kits since they beat Liverpool in the 1950 FA cup final Yellow
72%
HName of old stadium from 1913-2006 Highbury
68%
XSwiss midfielder who has amassed 4 premier league red cards Granit Xhaka
67%
UArsenal ended the premier league 03/04 season _____ Unbeaten
62%
LLast team that legend Thierry Henry scored against (on loan) Leeds
61%
FName of midfielder turned billionaire after retirement Mathieu Flamini
55%
RTeam that Arsenal came back from 4:0 down to win 5:7 Reading
54%
ZFirst name of high-profile player claimed to have been offered a trial but refused to take one Zlatan
53%
QVery famous person said to have been an Arsenal fan The Queen
49%
KSurname of Arsenal's American owners Kroenke
47%
CEuropean trophy that Arsenal won in 1994 Cup winners cup
39%
IBorough of London Arsenal is in Islington
39%
JName of set-piece coach who is responsible for Arsenal's lethal corner kicks Nicholas Jover
38%
PPlayer who has the most premier league appearances for Arsenal Ray Parlour
38%
O Player who has the all-time most appearances for Arsenal David O'Leary
36%
SName given to the day Tottenham cannot mathematically catch Arsenal in the league St Totteringham's
30%
WCurrent Women's first team captain Leah Williamson
26%
TPlayer who scored the league winning goal in the final matchday of the 88/89 season Michael Thomas
21%
No matching quizzes found
Score Distribution
Percent of People with Each Score
Percentile by Number Answered
Your Score History
You have not taken this quiz